[Event "Druzynowe Mistrzostwa Polski w Szachach I LIGA 2021"]
[Site "Szklarska Poreba"]
[Date "1899-12-30"]
[Round "9.52"]
[White "Golda, Sebastian"]
[Black "Leskiewicz, Ignacy"]
[Result "1/2-1/2"]
[WhiteTitle "k"]
[BlackTitle "k"]
[WhiteElo "2053"]
[BlackElo "2169"]

1. e4 c5 2. Nf3 e6 3. d4 cxd4 4. Nxd4 Nc6 5. Nc3 Qc7 6. Be3 a6 7. Qd2 Nf6 8. O-O-O
Bb4 9. f3 Nxd4 10. Qxd4 Bxc3 11. bxc3 b5 12. g4 O-O 13. h4 d5 14. h5 e5 15. Qc5
Qxc5 16. Bxc5 Rd8 17. Be7 Rd7 18. Bxf6 gxf6 19. Rxd5 Rxd5 20. exd5 Bb7 21. c4
Rc8 22. cxb5 axb5 23. Bxb5 Bxd5 24. Kb2 Bxf3 25. Rg1 Kg7 26. a4 Kh6 27. a5 Kg5
28. a6 Kf4 29. c4 e4 30. Kc3 e3 31. Kb4 e2 32. c5 Ke3 33. Ra1 Kf2 34. Ra2 Bxg4
35. c6 Bf3 36. Kc5 f5 37. a7 Ra8 38. Kb6 f4 39. Kb7 Bxc6+ 40. Bxc6 Rxa7+ 41. Kxa7
f3 42. Kb7 Kg3 43. Ra3 e1=Q 44. Rxf3+ Kg4 45. Rxf7 Qb1+ 46. Kc7 Kxh5 47. Rd7 Kg5
48. Rd5+ Kf4 49. Rd4+ Ke3 50. Rh4 Qf5 51. Rh1 h5 52. Re1+ Kf2 53. Rh1 Qf4+ 54.
Kb7 h4 55. Kc8 Qf8+ 56. Kc7 Qe7+ 57. Kc8 Qd6 58. Bd7 1/2-1/2

[Event "Druzynowe Mistrzostwa Polski w Szachach I LIGA 2021"]
[Site "Szklarska Poreba"]
[Date "1899-12-30"]
[Round "9.53"]
[White "Kwiatkowski, Wiktor"]
[Black "Warchol, Bartosz"]
[Result "0-1"]
[WhiteTitle "I++"]
[BlackTitle "I++"]
[WhiteElo "2077"]
[BlackElo "1897"]

1. e4 e5 2. Nf3 Nc6 3. Bb5 a6 4. Ba4 Nf6 5. d3 b5 6. Bb3 Be7 7. O-O d6 8. c3 O-O
9. a4 b4 10. a5 Rb8 11. h3 Re8 12. Nbd2 Bf8 13. d4 bxc3 14. bxc3 exd4 15. cxd4
d5 16. e5 Ne4 17. Nxe4 dxe4 18. Ng5 Rxb3 19. Qxb3 Qd7 20. Be3 h6 21. Nxe4 Nxd4
22. Qc4 c5 23. f4 Qc6 24. Nxc5 Bb7 25. Rf2 Nf5 26. Qb3 Nxe3 27. Nxb7 Nf5 28. Rc2
Qe4 29. Rf2 Rb8 30. Nc5 Qd4 31. Qxb8 Qxa1+ 32. Kh2 Qd4 33. Nd7 0-1

[Event "Druzynowe Mistrzostwa Polski w Szachach I LIGA 2021"]
[Site "Szklarska Poreba"]
[Date "1899-12-30"]
[Round "9.54"]
[White "Dylag, Emilia"]
[Black "Pastuszko, Kinga"]
[Result "1-0"]
[WhiteTitle "WFM"]
[BlackTitle "k+"]
[WhiteElo "2065"]
[BlackElo "1984"]

1. d4 f5 2. c4 Nf6 3. Nf3 g6 4. g3 Bg7 5. Bg2 d6 6. O-O O-O 7. Nc3 c6 8. d5 Qe8
9. Rb1 a5 10. a3 Ng4 11. Na4 Ra6 12. dxc6 bxc6 13. b4 axb4 14. axb4 Bd7 15. Qb3
e5 16. b5 Ra8 17. Nb6 Ra7 18. Rd1 f4 19. h3 Nh6 20. Nxd7 Qxd7 21. c5+ Qf7 22.
Qxf7+ Nxf7 23. cxd6 fxg3 24. fxg3 cxb5 25. Rxb5 Nxd6 26. Rxd6 Ra1 27. Rd1 Rc8
28. Kh2 Na6 29. Rb6 e4 30. Ng5 Nc7 31. Rc6 h6 32. Nxe4 Bb2 33. Rf1 1-0

[Event "Druzynowe Mistrzostwa Polski w Szachach I LIGA 2021"]
[Site "Szklarska Poreba"]
[Date "1899-12-30"]
[Round "9.55"]
[White "Fus, Jakub"]
[Black "Lubczynski, Rafal"]
[Result "1/2-1/2"]
[WhiteTitle "FM"]
[BlackTitle "IM"]
[WhiteElo "2376"]
[BlackElo "2429"]

1. e4 d6 2. d4 Nf6 3. Nc3 e5 4. Nf3 Nbd7 5. Bc4 Be7 6. O-O O-O 7. a4 a5 8. Ba2
c6 9. h3 h6 10. Be3 Nh7 11. d5 Nb6 12. Qe2 Bd7 13. Bb3 Kh8 14. dxc6 bxc6 15. Rad1
Nc8 16. Rd2 Qc7 17. Rfd1 Be8 18. g4 Rb8 19. Kg2 Rb4 20. Qd3 Nf6 21. Nh2 Nd7 22.
Na2 Rb8 23. Nf1 Kh7 24. Ng3 g6 25. h4 Nc5 26. Bxc5 dxc5 27. Rh1 Nb6 28. c4 Bd7
29. Bd1 Be6 30. b3 Rbd8 31. Qc3 Na8 32. Bf3 Rxd2 33. Qxd2 Kg7 34. Nc1 Rd8 35.
Qc3 1/2-1/2

[Event "Druzynowe Mistrzostwa Polski w Szachach I LIGA 2021"]
[Site "Szklarska Poreba"]
[Date "1899-12-30"]
[Round "9.56"]
[White "Chojnacki, Krzysztof"]
[Black "Baum, Jonasz"]
[Result "1/2-1/2"]
[WhiteTitle "IM"]
[BlackTitle "IM"]
[WhiteElo "2377"]
[BlackElo "2254"]

1. d4 Nf6 2. c4 e6 3. Nc3 Bb4 4. f3 O-O 5. a3 Bxc3+ 6. bxc3 c5 7. e4 Nc6 8. Be3
Qa5 9. Qd2 b6 10. Bd3 cxd4 11. cxd4 Qxd2+ 12. Kxd2 Na5 13. Rb1 Ba6 14. c5 Nc4+
15. Bxc4 Bxc4 16. Nh3 Ne8 17. Rhc1 b5 18. Nf4 f5 19. exf5 Rxf5 20. Nd3 d6 21.
Nb4 Rh5 22. h3 dxc5 23. dxc5 Rd8+ 24. Ke1 a5 25. Nc2 Rhd5 26. Kf2 Nc7 27. c6 R8d6
1/2-1/2

[Event "Druzynowe Mistrzostwa Polski w Szachach I LIGA 2021"]
[Site "Szklarska Poreba"]
[Date "1899-12-30"]
[Round "9.57"]
[White "Dalkowski, Rafal"]
[Black "Raczynski, Krzysztof"]
[Result "1/2-1/2"]
[WhiteTitle "k"]
[BlackTitle "k+"]
[WhiteElo "2252"]
[BlackElo "2193"]

1. d4 d6 2. c4 e5 3. d5 f5 4. Nc3 Nf6 5. g3 g6 6. Bg2 Bg7 7. e4 O-O 8. Nge2 Na6
9. f3 fxe4 10. Nxe4 Nxe4 11. fxe4 c6 12. Be3 Bg4 13. Rf1 Nc7 14. Qd2 cxd5 15.
cxd5 Nb5 16. O-O-O Nd4 17. Rxf8+ Qxf8 18. Bxd4 exd4 19. Rf1 Qe8 20. Kb1 Qa4 21.
h3 Bxe2 22. Qxe2 Rc8 23. Qd2 d3 24. Qxd3 Qb4 25. Qe2 Qd4 26. h4 Rf8 27. Rxf8+
Kxf8 28. a3 Be5 29. Ka2 a6 30. Bh3 Kg7 31. g4 Bg3 32. h5 1/2-1/2

[Event "Druzynowe Mistrzostwa Polski w Szachach I LIGA 2021"]
[Site "Szklarska Poreba"]
[Date "1899-12-30"]
[Round "9.58"]
[White "Wojdak, Jan"]
[Black "Jarzebowski, Kacper"]
[Result "1/2-1/2"]
[WhiteTitle "I++"]
[BlackTitle "k+"]
[WhiteElo "2185"]
[BlackElo "2090"]

1. e4 c6 2. d4 d5 3. exd5 cxd5 4. c4 Nf6 5. Nc3 Nc6 6. Nf3 Bg4 7. Bg5 Qa5 8. Bxf6
exf6 9. h3 Bxf3 10. Qxf3 dxc4 11. O-O-O O-O-O 12. d5 Ne5 13. Qf5+ Kb8 14. f4 Nd3+
15. Bxd3 cxd3 16. Qxd3 Bb4 17. Kb1 Bxc3 18. Qxc3 Qxc3 19. bxc3 Rhe8 20. Rhe1 Kc7
21. c4 Kd6 22. Kc2 Kc5 23. Kc3 f5 24. Rb1 b6 25. a4 a6 26. Re5 f6 27. Rxf5 Rd6
28. Rh5 Re4 29. Rxh7 Rxc4+ 30. Kd3 Rxa4 31. Ke3 Ra3+ 32. Kf2 g6 33. Rg7 Ra4 34.
Ke3 Ra3+ 35. Kf2 Kxd5 36. Rxg6 Ke4 37. Rb4+ Kf5 38. Rg8 b5 39. Ke2 Re6+ 40. Kf2
Re4 41. Rxe4 Kxe4 42. h4 b4 43. h5 Ra5 44. Rb8 Kxf4 45. h6 Rh5 46. Rxb4+ Ke5 1/2-1/2

[Event "Druzynowe Mistrzostwa Polski w Szachach I LIGA 2021"]
[Site "Szklarska Poreba"]
[Date "1899-12-30"]
[Round "9.59"]
[White "Mulawa, Cyprian"]
[Black "Bardeli, Lukasz"]
[Result "0-1"]
[WhiteTitle "I"]
[BlackTitle "FM"]
[WhiteElo "1981"]
[BlackElo "2178"]

1. e4 e5 2. Nf3 Nf6 3. d4 Nxe4 4. Bd3 d5 5. Nxe5 Bd6 6. O-O Nd7 7. Nxd7 Bxd7 8.
Nd2 O-O 9. Nxe4 dxe4 10. Bxe4 Bxh2+ 11. Kxh2 Qh4+ 12. Kg1 Qxe4 13. Re1 Qh4 14.
Qd3 Bc6 15. d5 Rae8 16. Be3 Rd8 17. c4 b6 18. Qa3 Ba8 19. Rac1 a5 20. Qc3 Rd6
21. Qd4 Qh5 22. Bf4 Rd7 23. Qe4 f6 24. Rc3 Qf7 25. Rg3 Kh8 26. Rge3 Bb7 27. b3
Kg8 28. R3e2 Bc8 29. Bc1 h6 30. Ba3 Rfd8 31. Qf4 Qh5 32. f3 b5 33. Bc5 bxc4 34.
bxc4 Ba6 35. Re6 Bb7 36. Re7 Qg6 37. Qe3 Kh7 38. Qe6 Bc8 39. Re2 Rxd5 40. Qe3
Rg5 41. Bd4 Bh3 42. Qe4 Bf5 43. Qf4 c5 44. Bc3 Rd1+ 45. Be1 Bh3 46. g3 Rxg3+ 47.
Kh2 Rg1 48. Kxh3 Rh1+ 49. Rh2 Rdxe1 50. Rxe1 Rxe1 51. Rg2 Rh1+ 52. Rh2 Qh5+ 53.
Kg2 Qxh2+ 54. Qxh2 Rxh2+ 0-1

[Event "Druzynowe Mistrzostwa Polski w Szachach I LIGA 2021"]
[Site "Szklarska Poreba"]
[Date "1899-12-30"]
[Round "9.60"]
[White "Szelag, Zuzanna"]
[Black "Rejniak, Zuzanna"]
[Result "1/2-1/2"]
[WhiteTitle "k"]
[BlackTitle "k"]
[WhiteElo "1839"]
[BlackElo "1810"]

1. e4 c5 2. Nf3 d6 3. d4 cxd4 4. Nxd4 Nf6 5. Nc3 a6 6. Bg5 e6 7. f4 Be7 8. Qf3
h6 9. Bxf6 gxf6 10. O-O-O Qc7 11. Qg3 b5 12. Qg7 Rf8 13. a3 Bb7 14. Be2 Nc6 15.
Qxh6 O-O-O 16. Qh3 Rh8 17. Qd3 d5 18. exd5 Qxf4+ 19. Qd2 Qxd2+ 20. Rxd2 Nxd4 21.
Rxd4 Bc5 22. Rg4 Bxd5 23. a4 f5 24. Rg3 Bd6 25. Rg7 Bxh2 26. Rd1 Bf4+ 27. Kb1
Be5 28. Rxf7 Bxc3 1/2-1/2

[Event "Druzynowe Mistrzostwa Polski w Szachach I LIGA 2021"]
[Site "Szklarska Poreba"]
[Date "1899-12-30"]
[Round "9.61"]
[White "Maciejczak, Jakub"]
[Black "Kumala, Aleksander"]
[Result "1-0"]
[WhiteTitle "FM"]
[BlackTitle "CM"]
[WhiteElo "2363"]
[BlackElo "2140"]

1. e4 d5 2. exd5 Qxd5 3. Nc3 Qd8 4. Bc4 Nf6 5. Nf3 a6 6. a4 c5 7. Ne5 e6 8. Qe2
Be7 9. d3 O-O 10. O-O Nfd7 11. Nf3 Nc6 12. Ne4 Nd4 13. Nxd4 cxd4 14. a5 Nf6 15.
Bd2 Bd7 16. Ng5 Rc8 17. Rfe1 h6 18. Nf3 Bc6 19. Ne5 Bd5 20. b3 Re8 21. h3 Nd7
22. Nxd7 Qxd7 23. Qg4 Kh8 24. Bf4 Bf6 25. Be5 Bxe5 26. Rxe5 Bc6 27. Rae1 Rcd8
28. f4 g6 29. h4 h5 30. Qg5 Kg7 31. f5 Qe7 32. Qg3 Qf6 33. fxe6 fxe6 34. Rf1 Qe7
35. Rxh5 Rf8 36. Qe5+ Rf6 37. Rxf6 1-0

[Event "Druzynowe Mistrzostwa Polski w Szachach I LIGA 2021"]
[Site "Szklarska Poreba"]
[Date "1899-12-30"]
[Round "9.62"]
[White "Kasperek, Ryszard"]
[Black "Kucza, Karol"]
[Result "0-1"]
[WhiteTitle "m"]
[BlackTitle "FM"]
[WhiteElo "2163"]
[BlackElo "2322"]

1. e4 e5 2. Nf3 Nc6 3. Nc3 Nf6 4. Bb5 Nd4 5. O-O Nxb5 6. Nxb5 c6 7. Nc3 Qc7 8.
d4 d6 9. Bg5 Be7 10. a4 O-O 11. Bxf6 Bxf6 12. d5 Be7 13. a5 c5 14. Nd2 Bd7 15.
Qe2 g6 16. Ra3 f5 17. a6 b6 18. Nb5 Qd8 19. exf5 gxf5 20. f4 e4 21. g4 Kh8 22.
gxf5 Bxb5 23. Qxb5 Rxf5 24. Nxe4 Qg8+ 25. Ng3 Rxd5 26. Re1 Bf6 27. Kf1 Rf8 28.
Rae3 Be5 29. Rf3 Qg4 30. Qe2 Rd2 31. Qxd2 Qxf3+ 32. Qf2 Qxf2+ 33. Kxf2 Rxf4+ 34.
Ke3 Ra4 35. Rf1 Kg8 36. Ne4 Rxa6 37. Nf6+ Kg7 38. Ne8+ Kg6 39. Ke4 Ra4+ 40. Kd5
Rd4+ 41. Ke6 Rd2 42. c4 Bxh2 43. Rf6+ Kg5 44. Rf5+ Kh4 45. Nf6 Re2+ 46. Kd5 Re5+
47. Rxe5 Bxe5 48. Nxh7 Bg7 49. Ke6 Kh5 50. Nf6+ Bxf6 51. Kxf6 Kg4 52. Ke6 Kf4
53. Kxd6 Ke4 54. Kc6 Kd4 55. Kb5 Kd3 56. b3 Kc3 57. Ka4 Kb2 0-1

[Event "Druzynowe Mistrzostwa Polski w Szachach I LIGA 2021"]
[Site "Szklarska Poreba"]
[Date "1899-12-30"]
[Round "9.63"]
[White "Janaszak, Dawid"]
[Black "Cajbel, Maciej"]
[Result "1/2-1/2"]
[WhiteTitle "FM"]
[BlackTitle "k"]
[WhiteElo "2348"]
[BlackElo "2192"]

1. e4 d6 2. Nc3 Nf6 3. d4 e5 4. Nge2 Be7 5. g3 O-O 6. Bg2 c6 7. a4 Nbd7 8. O-O
a5 9. h3 exd4 10. Nxd4 d5 11. exd5 Nxd5 12. Nxd5 cxd5 13. Bxd5 Ne5 14. Bg2 Bxh3
15. Bxh3 Qxd4 16. Bg2 Qxd1 17. Rxd1 Rac8 18. Rd5 Bf6 19. c3 Rfd8 20. Rb1 Rxd5
21. Bxd5 Rd8 22. c4 Nd3 23. Bxb7 Nxc1 24. Rxc1 Bxb2 25. Rc2 Be5 26. c5 Kf8 27.
Kg2 Bc7 28. Ba6 Ra8 29. Bc4 Rb8 30. Bb5 Rd8 31. Re2 g6 32. g4 h6 33. Re3 Bf4 34.
Re4 Bc7 35. Re3 Bf4 36. Rf3 Bc7 37. Rf6 Be5 38. Ra6 Rc8 39. c6 Bc7 40. Ra7 Bb6
41. Rb7 Bc7 42. Ra7 Bb6 43. Rd7 Rc7 44. Rd8+ Ke7 45. Rh8 Kf6 46. f4 Kg7 47. Ra8
Re7 48. Ra6 Bc7 49. Ra7 Kf6 50. Kf3 g5 51. fxg5+ hxg5 52. Bc4 Ke5 1/2-1/2

[Event "Druzynowe Mistrzostwa Polski w Szachach I LIGA 2021"]
[Site "Szklarska Poreba"]
[Date "1899-12-30"]
[Round "9.64"]
[White "Puczylowski, Marcin"]
[Black "Jasnikowski, Zbigniew"]
[Result "1/2-1/2"]
[WhiteTitle "k"]
[BlackTitle "IM"]
[WhiteElo "2103"]
[BlackElo "2326"]

1. e4 c6 2. d4 d5 3. exd5 cxd5 4. c4 Nf6 5. Nc3 e6 6. Nf3 Be7 7. c5 b6 8. b4 a5
9. Na4 Nfd7 10. a3 axb4 11. axb4 O-O 12. Bd3 bxc5 13. bxc5 Nc6 14. O-O e5 15.
dxe5 Ndxe5 16. Ra3 Bf6 17. Be2 Be6 18. Nxe5 Nxe5 19. Nb6 Rxa3 20. Bxa3 d4 21.
Qa4 d3 22. Bd1 Qc7 23. h3 g6 24. Qb5 Rd8 25. Bb2 Be7 26. Na4 Nc4 27. Bc3 Rb8 28.
Qa6 Bxc5 29. Nxc5 Qxc5 30. Bg4 Qd6 31. Qxd6 Nxd6 32. Bxe6 fxe6 33. Rd1 Ne4 34.
Rxd3 Nxc3 1/2-1/2

[Event "Druzynowe Mistrzostwa Polski w Szachach I LIGA 2021"]
[Site "Szklarska Poreba"]
[Date "1899-12-30"]
[Round "9.65"]
[White "Skurniak, Szymon"]
[Black "Zurkowski, Andrzej"]
[Result "1/2-1/2"]
[WhiteTitle "k"]
[BlackTitle "k+"]
[WhiteElo "2080"]
[BlackElo "2031"]

1. e4 c5 2. b3 d5 3. exd5 Qxd5 4. Nc3 Qd8 5. Nf3 Nf6 6. Bc4 e6 7. O-O Be7 8. Bb2
O-O 9. Ne2 a6 10. a4 Nc6 11. Re1 Qc7 12. Ng3 Na5 13. Qe2 Bd7 14. Be5 Qd8 15. Bf4
Nxc4 16. bxc4 b6 17. Ne5 Be8 18. d3 b5 19. axb5 axb5 20. cxb5 Rxa1 21. Rxa1 Qd4
22. Ra7 Bd6 23. Qe3 Nd5 24. Qxd4 cxd4 25. Ne4 Bxe5 26. Bxe5 Bxb5 27. Bxd4 Bc6
28. f3 Rb8 29. Ra1 f6 30. g3 Rd8 31. Bf2 Nb4 32. Rc1 Ba4 33. Nc5 Bc6 34. Nxe6
Rc8 35. Nd4 Ba4 36. Ra1 Bxc2 37. Rc1 Rb8 38. Nxc2 Rc8 39. Nxb4 Rxc1+ 40. Kg2 Rb1
41. Nc2 Rb2 42. Ne1 Kf7 43. f4 g5 44. h3 h5 45. Kf3 g4+ 46. hxg4 hxg4+ 47. Ke3
Ke6 48. d4 Kd5 49. Nd3 Rb3 50. Ke2 Ra3 51. Nb4+ Ke5 1/2-1/2

[Event "Druzynowe Mistrzostwa Polski w Szachach I LIGA 2021"]
[Site "Szklarska Poreba"]
[Date "1899-12-30"]
[Round "9.66"]
[White "Kasperek, Joanna"]
[Black "Czerwinska, Milena"]
[Result "1/2-1/2"]
[WhiteTitle "k++"]
[BlackTitle "WFM"]
[WhiteElo "2053"]
[BlackElo "1983"]

1. e4 d6 2. d4 Nf6 3. Nc3 e5 4. Nf3 Nbd7 5. g4 h6 6. Rg1 c6 7. Be3 b5 8. Bd3 Qc7
9. a3 a6 10. h4 h5 11. gxh5 Nxh5 12. Qd2 Ndf6 13. Ng5 Ng4 14. a4 f6 15. axb5 fxg5
16. bxc6 Qxc6 17. Nd5 Nxe3 18. Qxe3 Nf4 19. dxe5 dxe5 20. Rxg5 Nxd3+ 21. Qxd3
Rxh4 22. O-O-O Be6 23. Rxe5 Kf7 24. f4 Rh3 25. Qe2 Bxd5 26. exd5 Qf6 27. Qe4 Kg8
28. d6 Rb8 29. d7 Rd8 30. Re6 Qf7 31. Qc4 Be7 32. f5 Kf8 33. Qxa6 Qxf5 34. Qc6
Rf3 35. Rde1 Bg5+ 36. Kb1 Rf2 37. Re8+ Kf7 38. Qc4+ Kg6 39. Qc6+ Kf7 40. Qc4+
Kg6 41. Rxd8 Bxd8 42. Qe6+ Qxe6 43. Rxe6+ Kf7 44. Re8 Bf6 45. d8=Q Bxd8 46. Rxd8
g5 47. b4 Rf4 48. c3 g4 49. Kc2 g3 50. Rd3 Rg4 51. Rd1 g2 52. Rg1 Ke6 53. Kb3
Kd5 54. c4+ Kc6 55. c5 Kb5 56. Kc3 Rxb4 57. Rxg2 Rc4+ 58. Kd3 Rxc5 59. Ke4 1/2-1/2

[Event "Druzynowe Mistrzostwa Polski w Szachach I LIGA 2021"]
[Site "Szklarska Poreba"]
[Date "1899-12-30"]
[Round "9.67"]
[White "Psyk, Radoslaw"]
[Black "Kaczmarek, Aleksander"]
[Result "1-0"]
[WhiteTitle "k++"]
[BlackTitle "FM"]
[WhiteElo "2400"]
[BlackElo "2368"]

1. e4 c5 2. Nf3 Nc6 3. Bb5 g6 4. Bxc6 bxc6 5. O-O Bg7 6. Re1 e5 7. c3 Ne7 8. d4
cxd4 9. cxd4 exd4 10. Nxd4 O-O 11. Nc3 Rb8 12. e5 h6 13. b3 d6 14. Bf4 Rb4 15.
exd6 Nd5 16. Nxd5 Rxd4 17. Ne7+ Kh7 18. Qf3 Bb7 19. Rad1 Rxd1 20. Rxd1 Qd7 21.
Be3 c5 22. Qf4 f5 23. Bxc5 Re8 24. Bd4 Bh8 25. h4 Be4 26. Bxh8 Rxe7 27. dxe7 Qxd1+
28. Kh2 g5 29. Qe5 Qg4 30. Qg7# 1-0

[Event "Druzynowe Mistrzostwa Polski w Szachach I LIGA 2021"]
[Site "Szklarska Poreba"]
[Date "1899-12-30"]
[Round "9.68"]
[White "Gahan, M G"]
[Black "Zaskalski, Arkadiusz"]
[Result "0-1"]
[WhiteTitle "FM"]
[BlackTitle "k"]
[WhiteElo "2279"]
[BlackElo "2160"]

1. e4 c5 2. c3 Nf6 3. e5 Nd5 4. d4 cxd4 5. cxd4 d6 6. Nf3 Nc6 7. Bc4 Nb6 8. Bb5
dxe5 9. Nxe5 Bd7 10. Nxd7 Qxd7 11. Nc3 e6 12. O-O a6 13. Bxc6 Qxc6 14. Re1 Bb4
15. Re3 Bxc3 16. Rxc3 Qd7 17. Rg3 g6 18. Bh6 Nd5 19. Qd2 Rc8 20. h4 f6 21. Re1
Kf7 22. Rf3 Rhd8 23. h5 Ne7 24. Qf4 Qxd4 25. Re4 Qd1+ 26. Kh2 Qd6 27. g4 Qxf4+
28. Bxf4 f5 29. Bg5 Rd7 30. Bxe7 Rxe7 31. Re2 Kf6 32. Rg3 f4 33. Rb3 gxh5 34.
gxh5 Rc5 35. Rh3 Rg7 36. Re4 Kf5 37. h6 Rg5 38. Rb4 b5 39. a4 e5 40. axb5 axb5
41. Rc3 Rd5 42. Rcb3 Rd2 43. Rf3 Rd6 44. Rxb5 Rxh6+ 45. Rh3 Rxh3+ 46. Kxh3 Ke4
47. b4 Kf3 48. Kh4 Rg4+ 49. Kh5 e4 50. Rc5 Rg6 51. b5 Kxf2 52. Rc2+ Kg3 53. Rb2
e3 54. b6 Rg8 55. b7 Rb8 0-1

[Event "Druzynowe Mistrzostwa Polski w Szachach I LIGA 2021"]
[Site "Szklarska Poreba"]
[Date "1899-12-30"]
[Round "9.69"]
[White "Markiewicz, Jerzy"]
[Black "Skomial, Mateusz"]
[Result "1/2-1/2"]
[WhiteTitle "FM"]
[BlackTitle "I++"]
[WhiteElo "2197"]
[BlackElo "2062"]

1. e4 e5 2. Nf3 Nf6 3. Nxe5 d6 4. Nf3 Nxe4 5. Nc3 Nxc3 6. dxc3 Be7 7. Be3 Nc6 8.
Qd2 Be6 9. O-O-O Qd7 10. Kb1 a6 11. h4 h6 12. Nd4 Nxd4 13. Bxd4 O-O 14. Be2 f5
15. Qf4 Bf6 16. Bf3 Bxd4 17. cxd4 Qf7 18. a3 Ba2+ 19. Ka1 1/2-1/2

[Event "Druzynowe Mistrzostwa Polski w Szachach I LIGA 2021"]
[Site "Szklarska Poreba"]
[Date "1899-12-30"]
[Round "9.70"]
[White "Kulesza, Andrzej"]
[Black "Augustyn, Sebastian"]
[Result "1/2-1/2"]
[WhiteTitle "I++"]
[BlackTitle "k"]
[WhiteElo "1983"]
[BlackElo "2147"]

1. e4 c6 2. d4 g6 3. Nd2 Bg7 4. c3 d5 5. e5 Nh6 6. Be2 f6 7. exf6 exf6 8. Ngf3
O-O 9. O-O Re8 10. Re1 g5 11. Nf1 Bf5 12. Ng3 Bg6 13. h4 Nf7 14. hxg5 fxg5 15.
Be3 Nd7 16. Bd3 Qf6 17. Qd2 h6 18. Qc2 Bxd3 19. Qxd3 Nd6 20. Nd2 Qf7 21. Rf1 Nf6
22. Nf5 Nxf5 23. Qxf5 Ne4 24. Qxf7+ Kxf7 25. Nxe4 Rxe4 26. Rfe1 Rae8 27. Kf1 g4
28. Bd2 Kg6 29. Rxe4 Rxe4 30. Re1 Kf5 31. Be3 h5 32. g3 Bf6 33. Ke2 Bg5 34. Kd2
Bd8 35. Rh1 Kg6 1/2-1/2

[Event "Druzynowe Mistrzostwa Polski w Szachach I LIGA 2021"]
[Site "Szklarska Poreba"]
[Date "1899-12-30"]
[Round "9.71"]
[White "Mika, Tomasz"]
[Black "Paprocki, Antoni"]
[Result "1-0"]
[WhiteTitle "I++"]
[BlackTitle "I++"]
[WhiteElo "2137"]
[BlackElo "1894"]

1. d4 Nf6 2. Bf4 e6 3. e3 d5 4. c3 Bd6 5. Bg3 c5 6. Nd2 Nc6 7. Ngf3 O-O 8. Bd3
Qe7 9. Ne5 Nd7 10. Nxd7 Bxd7 11. Bxd6 Qxd6 12. dxc5 Qxc5 13. Bxh7+ Kxh7 14. Qh5+
Kg8 15. Ne4 g6 16. Nxc5 gxh5 17. Nxd7 Rfd8 18. Nf6+ Kg7 19. Nxh5+ Kh6 20. Ng3
Ne5 21. Ke2 Rac8 22. Rhd1 Nc4 23. Rab1 f5 24. Nf1 Kg6 25. Nd2 Nb6 26. Nf3 Kf6
27. h3 Rg8 28. g3 a5 29. Rbc1 Nc4 30. Rc2 a4 31. Rd4 a3 32. b3 Nd6 33. c4 Rc6
34. Rh4 dxc4 35. bxc4 b5 36. Rh6+ Ke7 37. Ne5 Rc5 38. Rh7+ Kf6 39. Nd7+ Kg6 40.
Nxc5 Kxh7 41. cxb5 Rc8 42. Rd2 Nxb5 43. Nxe6 Nc3+ 44. Kf3 Ne4 45. Rd7+ Kg6 46.
Nd4 Rb8 47. g4 Ng5+ 48. Kg3 fxg4 49. hxg4 Rb2 50. f3 Rxa2 51. Rd6+ Kf7 52. Ra6
Ra1 53. Kf4 Nh3+ 54. Kf5 a2 55. f4 Nf2 56. Ra7+ Kg8 57. Nc2 1-0

[Event "Druzynowe Mistrzostwa Polski w Szachach I LIGA 2021"]
[Site "Szklarska Poreba"]
[Date "1899-12-30"]
[Round "9.72"]
[White "Budkiewicz, Magdalena"]
[Black "Mirowska, Oliwia"]
[Result "1-0"]
[WhiteTitle "k"]
[BlackTitle "k"]
[WhiteElo "1827"]
[BlackElo "1778"]

1. e4 c5 2. Nf3 e6 3. d4 cxd4 4. Nxd4 a6 5. Nc3 b5 6. a4 b4 7. Na2 Bb7 8. Bd3 Nc6
9. Be3 d5 10. O-O Nxd4 11. Bxd4 dxe4 12. Bc4 Nf6 13. c3 Qc7 14. Qe2 bxc3 15. Rac1
Qd7 16. Rfd1 Nd5 17. Nxc3 Nxc3 18. Bxc3 Qxa4 19. Bxe6 fxe6 20. Qh5+ g6 21. Qe5
Qc6 22. Ba5 Qb5 23. Qxe6+ Be7 24. Rc7 1-0

[Event "Druzynowe Mistrzostwa Polski w Szachach I LIGA 2021"]
[Site "Szklarska Poreba"]
[Date "1899-12-30"]
[Round "9.73"]
[White "Niekras, Dawid"]
[Black "Goluch, Piotr"]
[Result "1-0"]
[WhiteTitle "FM"]
[BlackTitle "IM"]
[WhiteElo "2286"]
[BlackElo "2318"]

1. e4 c6 2. Nf3 d5 3. d3 dxe4 4. dxe4 Qxd1+ 5. Kxd1 Bg4 6. Be2 Nd7 7. Ne1 Be6 8.
c3 Nc5 9. f3 f5 10. Be3 Na4 11. b3 Nb6 12. Nd3 fxe4 13. fxe4 Nf6 14. Nd2 Nbd7
15. a4 g6 16. Kc2 Bg7 17. h3 O-O 18. g4 Ne8 19. g5 Bf7 20. Bf4 Be6 21. Bg4 Bxg4
22. hxg4 Nc5 23. Nxc5 Rxf4 24. Rhg1 Nd6 25. Ne6 Rf2 26. Raf1 Rh2 27. Kd3 Nf7 28.
Nf3 Rb2 29. b4 a5 30. bxa5 Rxa5 31. Rb1 Rf2 32. Ke3 Rc2 33. Rxb7 Rxc3+ 34. Ke2
Ra8 35. Rgb1 Be5 36. Nxe5 Nxe5 37. Rxe7 Nxg4 38. Rbb7 Rh3 39. a5 1-0

[Event "Druzynowe Mistrzostwa Polski w Szachach I LIGA 2021"]
[Site "Szklarska Poreba"]
[Date "1899-12-30"]
[Round "9.74"]
[White "Dzida, Kamil"]
[Black "Zakrzewski, Marek"]
[Result "1/2-1/2"]
[WhiteTitle "k+"]
[BlackTitle "FM"]
[WhiteElo "2224"]
[BlackElo "2273"]

1. e4 c5 2. Nf3 e6 3. d4 cxd4 4. Nxd4 Nc6 5. Nc3 Qc7 6. Be2 a6 7. O-O Nf6 8. Be3
Be7 9. f4 d6 10. Kh1 O-O 11. Qe1 Nxd4 12. Bxd4 b5 13. a3 Bb7 14. Qg3 Bc6 15. Rae1
Rad8 16. Bd3 Qd7 17. Nd1 Nh5 18. Qg4 Nf6 19. Qg3 Nh5 20. Qg4 Nf6 21. Qf3 g6 22.
Nf2 Qc7 23. Ng4 Nxg4 24. Qxg4 e5 25. Be3 exf4 26. Qxf4 Bd7 27. Bd4 f6 28. Qe3
Rde8 29. a4 Bd8 30. axb5 Bxb5 31. c4 Bc6 32. c5 d5 33. e5 Qb7 34. Qg3 fxe5 35.
Rxf8+ Rxf8 36. Qxe5 Bf6 37. Qe6+ Kg7 38. Bxa6 Qb4 39. Qe7+ Kg8 40. Bxf6 Rxf6 41.
Bc8 Qxb2 42. Be6+ Kh8 43. Bf7 Kg7 44. Bxd5+ Kh6 45. Bxc6 Rxc6 46. Qh4+ Kg7 47.
Re7+ Kf8 48. Qe1 Qd4 49. Re8+ Kg7 50. Qe7+ Kh6 51. Qf8+ Kg5 52. Qe7+ Kh6 53. Qf8+
Kg5 54. Qe7+ 1/2-1/2

[Event "Druzynowe Mistrzostwa Polski w Szachach I LIGA 2021"]
[Site "Szklarska Poreba"]
[Date "1899-12-30"]
[Round "9.75"]
[White "Selbes, Tarik"]
[Black "Jankowiak, Tomasz"]
[Result "1-0"]
[WhiteTitle "FM"]
[BlackTitle "k"]
[WhiteElo "2260"]
[BlackElo "2169"]

1. e4 c5 2. Nc3 a6 3. g3 b5 4. Bg2 Bb7 5. d3 g6 6. Nh3 Bg7 7. O-O e6 8. f4 Ne7
9. f5 gxf5 10. Qh5 b4 11. exf5 Bd4+ 12. Kh1 Bxg2+ 13. Kxg2 Nxf5 14. Rxf5 exf5
15. Bg5 Qb6 16. Re1+ Kf8 17. Nd5 Qg6 18. Qh4 Nc6 19. Nhf4 Qd6 20. Bh6+ Bg7 21.
Nf6 Ne5 22. Rxe5 Qxe5 23. Nxd7+ Ke8 24. Nxe5 Bxe5 25. Nd5 Ra7 26. Nf6+ Bxf6 27.
Qxf6 Rg8 28. Bg5 Rd7 29. Qe5+ Kf8 30. Bh6+ 1-0

[Event "Druzynowe Mistrzostwa Polski w Szachach I LIGA 2021"]
[Site "Szklarska Poreba"]
[Date "1899-12-30"]
[Round "9.76"]
[White "Jankowiak, Piotr"]
[Black "Hemmerling, Jaroslaw"]
[Result "1/2-1/2"]
[WhiteTitle "k"]
[BlackTitle "I++"]
[WhiteElo "2080"]
[BlackElo "1935"]

1. e4 e5 2. Nf3 Nf6 3. Nxe5 d6 4. Nf3 Nxe4 5. Nc3 Nxc3 6. dxc3 Be7 7. Be3 O-O 8.
Qd2 Nd7 9. O-O-O Nf6 10. h3 Re8 11. Bd3 c5 12. c4 Rb8 13. g4 b5 14. g5 bxc4 15.
Bxc4 Bb7 16. gxf6 Bxf6 17. Ng5 Bxh1 18. Bxf7+ Kh8 19. Rxh1 Rxe3 20. Qxe3 Bxg5
21. f4 Bh6 22. Re1 Qf8 23. Qe7 Bxf4+ 24. Kb1 Be5 25. Qxf8+ Rxf8 26. Rf1 Rb8 27.
Bb3 Bf6 1/2-1/2

[Event "Druzynowe Mistrzostwa Polski w Szachach I LIGA 2021"]
[Site "Szklarska Poreba"]
[Date "1899-12-30"]
[Round "9.77"]
[White "Kostecka, Marika"]
[Black "Statucki, Maciej"]
[Result "1-0"]
[WhiteTitle "WCM"]
[BlackTitle "I"]
[WhiteElo "1834"]
[BlackElo "1833"]

1. e4 c5 2. Nf3 Nc6 3. d4 cxd4 4. Nxd4 g6 5. c4 Bg7 6. Be3 Nf6 7. Nc3 d6 8. Be2
Nxd4 9. Bxd4 O-O 10. O-O Be6 11. f4 Qa5 12. Qd3 Rfc8 13. b3 a6 14. f5 Bd7 15.
fxg6 hxg6 16. Nd5 Nxd5 17. Bxg7 Kxg7 18. exd5 Qc5+ 19. Kh1 Rh8 20. Qc3+ f6 21.
Rae1 Kf7 22. Bd3 f5 23. Rxe7+ Kxe7 24. Qg7+ Kd8 25. Qxh8+ Be8 26. Re1 Kd7 27.
Qg7+ Kd8 28. Qe7+ 1-0